Hygiena. Roč. 8, č. 1-10, 1935

Bibliographic Details
Format: Book
Language:Undetermined
Published: Brno Společnost moravského hygienického musea 1935

MARC

LEADER 00000nam a2200000 a 4500
001 vtls001327792
003 SK-MaSNL
005 20260224021656.0
008 240130s1935 xr 0 und
035 |a SNK000280603 
040 |a SNK  |b slo  |c SNK  |e AACR2 
044 |a xr  |c CZ 
245 1 |a Hygiena. Roč. 8, č. 1-10, 1935 
260 |a Brno  |b Společnost moravského hygienického musea  |c 1935 
999 |c 804201  |d 806131 
952 |t P60, <06>, [BOOK], {606}  |a SNK  |b SNK  |y PREZ  |7 0  |p 17A0135957  |o snkČC 989/8/1935  |0 0  |1 1  |4 0  |d 1998-04-15  |l 0  |r 2005-01-02 00:00:00  |w 2026-02-24